Philippines : 2016 Article IV Consultation-Press Release; Staff Report; and Statement by the Executive Director for the Philippines.

This 2016 Article IV Consultation highlights that the Philippine economy has continued to perform strongly. Real GDP regained strength from a slowdown in mid-2015 to record a robust 5.9 percent growth rate in 2015 and 6.9 percent in the first half of 2016. Both consumption and investment grew rapidl...

Deskribapen osoa

Xehetasun bibliografikoak
Erakunde egilea: International Monetary Fund. Asia and Pacific Dept
Formatua: Aldizkaria
Hizkuntza:English
Argitaratua: Washington, D.C. : International Monetary Fund, 2016.
Saila:IMF Staff Country Reports; Country Report ; No. 2016/309
Sarrera elektronikoa:Full text available on IMF
LEADER 01862cas a2200241 a 4500
001 AALejournalIMF017140
008 230101c9999 xx r poo 0 0eng d
020 |c 5.00 USD 
020 |z 9781475541076 
022 |a 1934-7685 
040 |a BD-DhAAL  |c BD-DhAAL 
110 2 |a International Monetary Fund.  |b Asia and Pacific Dept. 
245 1 0 |a Philippines :   |b 2016 Article IV Consultation-Press Release; Staff Report; and Statement by the Executive Director for the Philippines. 
264 1 |a Washington, D.C. :  |b International Monetary Fund,  |c 2016. 
300 |a 1 online resource (78 pages) 
490 1 |a IMF Staff Country Reports 
500 |a <strong>Off-Campus Access:</strong> No User ID or Password Required 
500 |a <strong>On-Campus Access:</strong> No User ID or Password Required 
506 |a Electronic access restricted to authorized BRAC University faculty, staff and students 
520 3 |a This 2016 Article IV Consultation highlights that the Philippine economy has continued to perform strongly. Real GDP regained strength from a slowdown in mid-2015 to record a robust 5.9 percent growth rate in 2015 and 6.9 percent in the first half of 2016. Both consumption and investment grew rapidly, while net exports were held back by weak external demand. Job creation was also strong: the unemployment rate declined to 6.3 percent in 2015 and 6.0 percent in the first half of 2016. The outlook for the Philippine economy remains favorable despite external headwinds. Real GDP growth is expected at 6.4 percent in 2016 and 6.7 percent in 2017 on continued robust domestic demand and a modest recovery in exports. 
538 |a Mode of access: Internet 
830 0 |a IMF Staff Country Reports; Country Report ;  |v No. 2016/309 
856 4 0 |z Full text available on IMF  |u http://elibrary.imf.org/view/journals/002/2016/309/002.2016.issue-309-en.xml  |z IMF e-Library